Catálogo
 En Linea

El arte de predicar un buen mensaje: (Registro nro. 50588)

Detalles MARC
000 -CABECERA
campo de control de longitud fija 01442nam a22002657a 4500
003 - IDENTIFICADOR DEL NÚMERO DE CONTROL
campo de control DO-SdBNP
005 - FECHA Y HORA DE LA ÚLTIMA TRANSACCIÓN
campo de control 20210923095524.0
007 - CAMPO FIJO DE DESCRIPCIÓN FÍSICA--INFORMACIÓN GENERAL
campo de control de longitud fija ta
008 - DATOS DE LONGITUD FIJA--INFORMACIÓN GENERAL
campo de control de longitud fija 210920e2018 dr a|||gr|||| 001 edspa d
020 ## - NÚMERO INTERNACIONAL ESTÁNDAR DEL LIBRO
Número Internacional Estándar del Libro 9789945912289
040 ## - FUENTE DE LA CATALOGACIÓN
Centro catalogador/agencia de origen DO-SdBNP
Lengua de catalogación spa
Centro/agencia transcriptor BNPHU
082 #4 - NÚMERO DE LA CLASIFICACIÓN DECIMAL DEWEY
Número de documento/Ítem R173a
Número de edición 22
100 1# - ENTRADA PRINCIPAL--NOMBRE DE PERSONA
9 (RLIN) 78006
Nombre de persona Ramírez, David,
Fechas asociadas al nombre 1975-
245 13 - MENCIÓN DE TÍTULO
Título El arte de predicar un buen mensaje:
Resto del título homilética /
Mención de responsabilidad, etc. David Ramírez; Julio Morales, pról.
246 36 - FORMA VARIANTE DE TÍTULO
Título propio/Titulo breve Homilética
260 ## - PUBLICACIÓN, DISTRIBUCIÓN, ETC.
Lugar de publicación, distribución, etc. Santo Domingo :
Nombre del editor, distribuidor, etc. Publicaciones Libertad,
Fecha de publicación, distribución, etc. 2018
300 ## - DESCRIPCIÓN FÍSICA
Extensión 155 p.;
Dimensiones 21 cm
500 ## - NOTA GENERAL
Nota general Incluye biografía del autor en la contracubierta.
500 ## - NOTA GENERAL
Nota general Manual didáctico para evangelistas y predicadores vol. I
504 00 - NOTA DE BIBLIOGRAFÍA, ETC.
Nota de bibliografía, etc. Bibliografía, p. 148- 152
505 0# - NOTA DE CONTENIDO CON FORMATO
Nota de contenido con formato Dedicatoria.-- Introducción.-- Agradecimiento.-- Sobre el autor.-- Prólogo.
Título I. Homilética.-- II. El Sermón.-- III. Estructuración del Sermón.-- IV. Primer Momento: La preparación previa.-- V. Segundo momento: Conociendo el terreno.-- VI. Tercer momento: Elaboración del plano.-- VII. Cuarto momento: Consturccion de la zapata.-- VIII. Quinto momento: Construcción de las columnas.-- IX. Sexto momento: Cosntrucción de las paredes.-- X. Séptimo momento: Cosntrucción del techo.--XI. Herramientas útiles para el sermón.-- XII. Octavo momento: La predicación del mensaje.
590 ## - NOTA LOCAL (RLIN)
Nota local Inventariado 2021 / MF
700 12 - PUNTO DE ACCESO ADICIONAL--NOMBRE DE PERSONA
Nombre de persona Morales, Julio,
Término indicativo de función/relación pról.
9 (RLIN) 79964
942 ## - ELEMENTOS DE PUNTO DE ACCESO ADICIONAL (KOHA)
Fuente del sistema de clasificación o colocación Dewey Decimal Classification
Tipo de ítem Koha Libro
Existencias
Estado de retiro Estado de pérdida Fuente del sistema de clasificación o colocación Restricciones de uso No para préstamo Código de colección Localización permanente Ubicación/localización actual Ubicación en estantería Fecha de adquisición Fuente de adquisición Total de préstamos Signatura topográfica completa Código de barras Fecha visto por última vez Precio válido a partir de Tipo de ítem Koha Número de copia
    Dewey Decimal Classification Préstamo en sala   Dominicana de Servicio Biblioteca Nacional Pedro Henríquez Ureña General Depósito 12.02.2021 Donado por Publicaciones Liberta   R173a 2021-26839 20.09.2021 20.09.2021 Libro y Folleto Colección Dominicana de Servicio e.3
    Dewey Decimal Classification Excluido de préstamo   Patrimonio Dominicano Biblioteca Nacional Pedro Henríquez Ureña Patrimonio Dominicano Cancelado 12.02.2021 Donado por Publicaciones Libertad   R173a 2021-26837 20.09.2021 20.09.2021 Libro y Folleto Colección Patrimonio Dominicano  
    Dewey Decimal Classification Excluido de préstamo   Patrimonio Dominicano Biblioteca Nacional Pedro Henríquez Ureña Patrimonio Dominicano Depósito 12.02.2021     R173a 2021-26838 20.09.2021 20.09.2021 Libro y Folleto Colección Patrimonio Dominicano e.2

Con tecnología Koha